[Comunicació dirigida al director del diari La Renaixensa per protestar sobre l'afirmació d'incloure dades inexactes en la publicació 'Memoria, saneamiento de las poblaciones ...'] / P. García Faria
MARC
| LEADER | 00000nam a2200000Ia 4500 | ||
|---|---|---|---|
| 001 | 22956 | ||
| 008 | 160829s9999 xx 000 0 cat d | ||
| 080 | |a RF-16-24 | ||
| 100 | |a García Faria, Pedro |9 44603 | ||
| 245 | |a [Comunicació dirigida al director del diari La Renaixensa per protestar sobre l'afirmació d'incloure dades inexactes en la publicació 'Memoria, saneamiento de las poblaciones ...'] / P. García Faria | ||
| 260 | |a La Renaixensa : |b diari de Catalunya, núm. 2748 (juliol 1885), pàg. 4050 - 4051 | ||
| 300 | |a 22 cm | ||
| 590 | |a Secció de la revista: Comunicats. | ||
| 590 | |a Prové de la caixeta de Casa de Caritat, any 1885, núm. 2514 | ||
| 650 | |a Sanejament |x Barcelona |x S. XIX |9 44604 | ||
| 856 | 4 | |u https://media.diba.cat/diba/fitxers/arxiu/fulletons/bib_22956_1885_baixa.pdf |y Accés lliure | |
| 856 | 4 | |u https://media.diba.cat/diba/fitxers/arxiu/fulletons/bib_22956_1885_baixa.pdf |y Accés lliure | |
| 901 | |a Arxiu | ||
| 942 | |n 1 |2 udc | ||
| 952 | |0 0 |1 0 |4 0 |6 RF1624 |7 1 |9 52032 |a Arxiu |b Arxiu |d 2016-12-01 |l 0 |o RF-16-24 |p 22956 |r 2016-12-01 00:00:00 |w 2016-12-01 |y ARXIU | ||
| 999 | |c 55880 |d 55880 | ||
| 900 | |a bib_22956_1885_baixa.pdf | ||